| 000 | 00443nam a2200169 a 4500 | ||
|---|---|---|---|
| 001 | 13687 | ||
| 005 | 20180713202107.0 | ||
| 008 | 140415s1993 000 0 spa d | ||
| 041 | _aspa | ||
| 082 |
_a512.7 _bMAT |
||
| 100 | 1 | _aMATIYASEVICH, YURI V. | |
| 245 | 1 | 0 | _aHILBERTS TENTH PROBLEM |
| 260 |
_a[s.l.] : _bMIT PRESS, _c1993 |
||
| 300 | _a264 | ||
| 490 | _aFOUNDATIONS OF COMPUTING | ||
| 650 | 1 | 4 | _aTEORIA DE LOS NUMEROS |
| 999 |
_c13687 _d13687 |
||